Determining the attitude of UK-DMC by registering its single bank, dual band imagery (Record no. 13417)

000 -LEADER
fixed length control field 00484nam a22001337a 4500
082 ## - DEWEY DECIMAL CLASSIFICATION NUMBER
Classification number MSCS-1 MAN
100 ## - MAIN ENTRY--PERSONAL NAME
Personal name Hasan Mansoor
9 (RLIN) 98334
245 ## - TITLE STATEMENT
Title Determining the attitude of UK-DMC by registering its single bank, dual band imagery
260 ## - PUBLICATION, DISTRIBUTION, ETC.
Place of publication, distribution, etc. Islamabad
Name of publisher, distributor, etc. NUST-SEECS
Date of publication, distribution, etc. 2015
300 ## - PHYSICAL DESCRIPTION
Extent Pv.
Other physical details ill.;
Accompanying material CD ROM
500 ## - GENERAL NOTE
General note Dr. Rafia Mumtaz, Dr. Awais Shibli, Dr. Sarah Shafiq Khan, Dr. Khahif Sharif
856 ## - ELECTRONIC LOCATION AND ACCESS
Uniform Resource Identifier <a href="http://10.250.8.41:8080/xmlui/handle/123456789/8259">http://10.250.8.41:8080/xmlui/handle/123456789/8259</a>
942 ## - ADDED ENTRY ELEMENTS (KOHA)
Koha item type Project Report
Source of classification or shelving scheme
Holdings
Withdrawn status Lost status Damaged status Not for loan Collection code Permanent Location Current Location Shelving location Date acquired Total Checkouts Full call number Barcode Date last seen Price effective from Koha item type Source of classification or shelving scheme
          Central Library (CL) Central Library (CL) Reference 12/15/2015   MSCS-1 MAN SEECSP01793 12/15/2015 12/15/2015 Project Report  
          Central Library (CL) Central Library (CL) Thesis 10/03/2019   005 CL-T-3470 10/03/2019 10/03/2019 Thesis  
          Central Library (CL) Central Library (CL) Thesis 10/08/2019   005 CL-T-3785 10/08/2019 10/08/2019 Thesis  
© 2023 Central Library, National University of Sciences and Technology. All Rights Reserved.